ბათუმის შოთა რუსთაველის სახელმწიფო უნივერსიტეტის ბიბლიოთეკა

Атлас пластической хирургии лица и шеи (ბიბ.ჩანაწერი № 34994)

000 -LEADER
fixed length control field 00605nam a2200217Ia 4500
001 - CONTROL NUMBER
control field 831
003 - CONTROL NUMBER IDENTIFIER
control field GE_BSU
008 - FIXED-LENGTH DATA ELEMENTS--GENERAL INFORMATION
fixed length control field 181216s||||||||xx |||||||||||||| ||und||
040 ## - CATALOGING SOURCE
Transcribing agency GE_BSU
080 ## - UNIVERSAL DECIMAL CLASSIFICATION NUMBER
Universal Decimal Classification number 617.52(084)
245 ## - TITLE STATEMENT
Title Атлас пластической хирургии лица и шеи
245 ## - TITLE STATEMENT
Statement of responsibility, etc. Под ред. Ф.М.Хитрова
260 ## - PUBLICATION, DISTRIBUTION, ETC.
Place of publication, distribution, etc. Москва
260 ## - PUBLICATION, DISTRIBUTION, ETC.
Name of publisher, distributor, etc. Медицина
260 ## - PUBLICATION, DISTRIBUTION, ETC.
Date of publication, distribution, etc. 1984
300 ## - PHYSICAL DESCRIPTION
Extent 206стр.
653 ## - INDEX TERM--UNCONTROLLED
Uncontrolled term Атлас пластической хирургии лица и шеи
653 ## - INDEX TERM--UNCONTROLLED
Uncontrolled term медицина
942 ## - ADDED ENTRY ELEMENTS (KOHA)
Koha item type წიგნი
ეგზემპლარები
Withdrawn status Lost status Damaged status Not for loan Date acquired Barcode Date last seen Price effective from Koha item type
        2018-12-17 2008 2018-12-17 2018-12-17 წიგნი